| 000 | 00451nam a2200181Ia 4500 | ||
|---|---|---|---|
| 001 | 20392 | ||
| 005 | 20260306172802.0 | ||
| 008 | 260306t2005||||xx |||||||||||||| ||spa|| | ||
| 041 | _aESP | ||
| 082 |
_a343.2C13 _bG96 2015 T. 2 |
||
| 100 |
_aGutiérrez, Walter _eAUT |
||
| 245 | 0 |
_aLa constitución comentada: _banálisis artículo por artículo |
|
| 260 | _c2005 | ||
| 300 |
_a _c |
||
| 650 | _aGEN | ||
| 654 | _aCDE | ||
| 942 |
_cLIB _dJUS _fJUS _2ddc _n |
||
| 999 |
_c20392 _d20392 |
||